General Knowledge Quiz Extreme - Statistics

General Stats
  • This quiz has been taken 25 times
  • The average score is 5 of 10
Answer Stats
Hint Answer % Correct
Name the country the borders only Switzerland and Austria Liechtenstein
96%
Name of the sequence that is closely related to the golden ratio Fibonacci sequence
61%
Name of the famous film director that has planned to only direct 10 movie before retiring Quentin Tarantino
61%
What does the prefix "acro" mean? High
57%
When did Ivory coast gain it's independence from France 1960
48%
Name of the Strait where the Big & Little Diomede are located Bering strait
48%
Which year was the first nobel price awarded? 1901
43%
What disease fits the following wikipedia definition "an autoimmune disease resulting in damage to myelin" (Full name required) Multiple sclerosis
22%
Name of the periodic table element "Tb"? Terbium
22%
What is the exact elevation of the K2 Mountain meters? 8611
4%
No matching quizzes found
Score Distribution
Percent of People with Each Score
Percentile by Number Answered
Your Score History
You have not taken this quiz